| 000 | 01608nam a2200409Ii 4500 | ||
|---|---|---|---|
| 001 | DIGEDUNAV0159 | ||
| 003 | NyNyDIG | ||
| 006 | m o d | ||
| 007 | cr ||||||||||| | ||
| 008 | 220605s2014 sp ob 000 0 spa d | ||
| 035 | _a(OCoLC)1333701059 | ||
| 040 |
_aDGITA _beng _erda _epn _cDGITA |
||
| 020 | _z9788431330002 | ||
| 050 | 1 | 4 | _aBX2351 ebook |
| 100 | 1 |
_aSarmiento, Augusto, _eauthor. |
|
| 245 | 1 | 0 |
_aGenerosidad en la familia y siempre / _cAugusto Sarmiento. |
| 264 | 1 |
_aPamplona, España : _bEUNSA, Ediciones Universidad de Navarra, _c[2014] |
|
| 300 | _a1 online resource. | ||
| 336 |
_atext _btxt _2rdacontent |
||
| 337 |
_acomputer _bc _2rdamedia |
||
| 338 |
_aonline resource _bcr _2rdacarrier |
||
| 347 |
_atext file _2rdaft |
||
| 347 | _bPDF | ||
| 490 | 1 | _aAstrolabio. Serie Familia | |
| 504 | _aIncludes bibliographical references. | ||
| 588 | 0 | _aOnline resource; title from PDF title page (Digitalia, viewed June 5, 2022) | |
| 650 | 0 |
_aFamilies _xReligious aspects _xCatholic Church. |
|
| 650 | 0 | _aHuman reproductive technology. | |
| 655 | 0 | _aElectronic books. | |
| 791 | 2 |
_aDigitalia (Firm), _edistributor. |
|
| 793 | 0 |
_gDigitalia eBook Collection: _aEdiciones Universidad de Navarra |
|
| 776 | 0 | 8 |
_iPrint version: _aSarmiento, Augusto. _tGenerosidad en la familia y siempre. _bPrimera edición. _dPamplona, España : EUNSA, Ediciones Universidad de Navarra, [2014] _z9788431330002 |
| 830 | 0 | _aSerie Familia (Pamplona, Spain) | |
| 856 | 4 | 0 |
_3Digitalia Hispánica _uhttps://www.digitaliapublishing.com/a/51501/ |
| 910 | _aPremium collection: 2022 | ||
| 942 | _cRAA | ||
| 999 |
_c252626 _d252626 |
||